| 000 | 00377nam a2200145 a 4500 | ||
|---|---|---|---|
| 001 | 1776331654233 | ||
| 003 | YourLibrary | ||
| 005 | 20260416150022.0 | ||
| 008 | 260416s2026##################000#0#eng## | ||
| 020 | _a9780406000392 | ||
| 082 | 0 | 4 |
_a348.42 _bALL(R) |
| 245 | 1 | 0 | _aError - Book not found in Google Books : |
| 942 | _cENGLISH | ||
| 040 |
_aYourLibrary _beng _cYourLibrary |
||
| 999 |
_c619541 _d619541 |
||